MARC

LEADER 00000nam0a2200000 4500
001 188380
005 20231031174959.0
029 1 0 |a RU  |b IV-14-84  |c  СНиП 
035 |a (RuTPU)RU\TPU\book\204621 
090 |a 188380 
100 |a 20101208d1986 k y0rusy50 ca 
101 0 |a rus 
102 |a RU 
105 |a a l 000zy 
200 1 |a Эстакады под технологические трубопроводы. Сб. 6-1.1. СНиП IV-14-84  |f Государственный комитет Совета Министров СССР по делам строительства (Госстрой СССР) 
205 |a Офиц. изд. 
210 |a Москва  |c Стройиздат  |d 1986 
215 |a 298 с.  |c ил. 
225 1 |a Строительные нормы и правила 
225 1 |a Сборники укрупненных сметных норм. Здания и сооружения производственного назначения 
229 |a Утверждены постановлением Государственного комитета СССР по делам строительства от 29 ноября 1984 г. № 196  |a Взамен Сб. № 6-2 Эстакады под трубопроводы Вып. 2 
610 1 |a строительство 
610 1 |a СНиПы 
610 1 |a строительные нормы и правила 
610 1 |a сметные нормы 
610 1 |a укрупненные нормы 
610 1 |a технологические трубопроводы 
610 1 |a трубопроводы 
675 |a 69  |v 3 
712 0 1 |a СССР  |b Государственный комитет по делам строительства (Госстрой СССР)  |c (1950-1991)  |2 stltpush  |3 (RuTPU)RU\TPU\col\7934 
801 1 |a RU  |b 63413507  |c 20030819  |g PSBO 
801 2 |a RU  |b 63413507  |c 20221208  |g PSBO 
942 |c BK